000 00416cam a2200169 a 4500
020 _a0849356180
040 _cDLC
082 0 0 _a612 CRC 1984 A045 Or.
245 0 0 _aRecent vitamin research /
260 _aBoca Raton, Fla. :
_bCRC Press,
_cc1984.
300 _a215 p. :
_bill. ;
_c26 cm.
650 0 _aVitamins
650 0 _aVitamin therapy.
650 2 _aVitamins.
700 1 _aBriggs, Michael H.
942 _cEK
999 _c13289
_d13289